<?xml version="1.0" encoding="UTF-8"?>
<record
    xmlns:xsi="http://www.w3.org/2001/XMLSchema-instance"
    xsi:schemaLocation="http://www.loc.gov/MARC21/slim http://www.loc.gov/standards/marcxml/schema/MARC21slim.xsd"
    xmlns="http://www.loc.gov/MARC21/slim">

  <leader>00614nam a22001697a 4500</leader>
  <datafield tag="999" ind1=" " ind2=" ">
    <subfield code="c">8164</subfield>
    <subfield code="d">8164</subfield>
  </datafield>
  <controlfield tag="003">AUA.1</controlfield>
  <controlfield tag="005">20191024190938.0</controlfield>
  <controlfield tag="008">121025t        xxu||||| |||| 00| 0 eng d</controlfield>
  <datafield tag="040" ind1=" " ind2=" ">
    <subfield code="c">JTL</subfield>
  </datafield>
  <datafield tag="100" ind1=" " ind2=" ">
    <subfield code="a">David Adewale Alabi</subfield>
    <subfield code="9">27993</subfield>
  </datafield>
  <datafield tag="245" ind1=" " ind2=" ">
    <subfield code="a">A Case Study of the Attitude of the Seventh-Day Adventist Church Ilorin, Nigeria on the Gift of Miracle and Healing </subfield>
    <subfield code="c">David Adewale Alabi</subfield>
  </datafield>
  <datafield tag="300" ind1=" " ind2=" ">
    <subfield code="a">69 p. :</subfield>
    <subfield code="c">29 cm.</subfield>
  </datafield>
  <datafield tag="650" ind1=" " ind2=" ">
    <subfield code="a">Healing, gift</subfield>
    <subfield code="9">27994</subfield>
  </datafield>
  <datafield tag="650" ind1=" " ind2=" ">
    <subfield code="a">Miracle, gift</subfield>
    <subfield code="9">27995</subfield>
  </datafield>
  <datafield tag="650" ind1=" " ind2=" ">
    <subfield code="a">Gifts, Attitudes</subfield>
    <subfield code="v">Seventh-day Adventists</subfield>
    <subfield code="z">Nigeria</subfield>
    <subfield code="9">27996</subfield>
  </datafield>
  <datafield tag="942" ind1=" " ind2=" ">
    <subfield code="2">aua</subfield>
    <subfield code="c">PROJECT</subfield>
    <subfield code="h">MA PTh</subfield>
    <subfield code="i">.D38 2009</subfield>
  </datafield>
  <datafield tag="952" ind1=" " ind2=" ">
    <subfield code="0">0</subfield>
    <subfield code="1">0</subfield>
    <subfield code="2">aua</subfield>
    <subfield code="4">0</subfield>
    <subfield code="7">0</subfield>
    <subfield code="8">JTL Research Collection</subfield>
    <subfield code="a">AUA.1</subfield>
    <subfield code="b">AUA.1</subfield>
    <subfield code="c">RESC</subfield>
    <subfield code="d">2012-10-25</subfield>
    <subfield code="e">AUA RESEARCH DEPARTMENT</subfield>
    <subfield code="g">15.00</subfield>
    <subfield code="h">AUA011174</subfield>
    <subfield code="o">MA PTh .D38 2009</subfield>
    <subfield code="p">AUA011174</subfield>
    <subfield code="r">2012-10-25 00:00:00</subfield>
    <subfield code="v">15.00</subfield>
    <subfield code="w">2012-10-25</subfield>
    <subfield code="y">PROJECT</subfield>
  </datafield>
  <datafield tag="952" ind1=" " ind2=" ">
    <subfield code="0">0</subfield>
    <subfield code="1">0</subfield>
    <subfield code="2">aua</subfield>
    <subfield code="4">0</subfield>
    <subfield code="7">0</subfield>
    <subfield code="8">JTL Research Collection</subfield>
    <subfield code="a">AUA.1</subfield>
    <subfield code="b">AUA.1</subfield>
    <subfield code="c">RESC</subfield>
    <subfield code="d">2012-10-25</subfield>
    <subfield code="e">AUA RESEARCH DEPARTMENT</subfield>
    <subfield code="g">15.00</subfield>
    <subfield code="h">AUA011175</subfield>
    <subfield code="l">1</subfield>
    <subfield code="o">MA PTh .D38 2009</subfield>
    <subfield code="p">AUA011175</subfield>
    <subfield code="r">2014-09-02 00:00:00</subfield>
    <subfield code="s">2014-08-17</subfield>
    <subfield code="t">2</subfield>
    <subfield code="v">15.00</subfield>
    <subfield code="w">2012-10-25</subfield>
    <subfield code="y">PROJECT</subfield>
  </datafield>
</record>
